[Event "Bayern-chI Bank Hofmann 1st"]
[Site "?"]
[Date "1997.11.18"]
[Round "4"]
[White "Alterman Boris"]
[Black "Markowski Tomasz"]
[Result "1-0"]
[WhiteElo "2615"]
[BlackElo "2515"]
[PlyCount "131"]
[EventDate "1997.??.??"]
[Source "www.chesslib.no"]
[SourceDate "2004.05.04"]

1. c4 c5 2. Nf3 g6 3. d4 Bg7 4. e4 Qb6 5. dxc5 Qxc5 6. Be2 Qb4+ 7. Nbd2 d6 8. O-O Nf6 9. a3 Qb6 10. Rb1 a5 11. b4 axb4 12. axb4 O-O 13. Bb2 Bg4 14. Bd4 Qd8 15. Be3 Nbd7 16. h3 Bxf3 17. Bxf3 Ra3 18. Rb3 Ra2 19. Qb1 Ra4 20. c5 Qc7 21. cxd6 Qxd6 22. Be2 Raa8 23. Rd1 Rfc8 24. Nf3 Qb8 25. Bd4 Nf8 26. Bc5 Qc7 27. e5 Nh5 28. Qe4 Bh6 29. Nd4 Nf4 30. Bf3 N8e6 31. Nxe6 Nxe6 32. Qxb7 Nxc5 33. Qxc7 Rxc7 34. bxc5 Ra5 35. c6 Bf4 36. e6 fxe6 37. Rd8+ Kg7 38. g3 Bd6 39. Rbb8 Ra2 40. Rg8+ Kf6 41. Rgf8+ Kg7 42. g4 Ra5 43. h4 g5 44. Rg8+ Kh6 45. Ra8 Rc5 46. hxg5+ Rxg5 47. Be4 Rg7 48. Kg2 e5 49. Kg3 e6 50. Rxg7 Kxg7 51. g5 Be7 52. Kg4 Bc5 53. f3 Bd6 54. Kh5 Bc5 55. Rb8 Ba3 56. Rb7 Bd6 57. Bd3 Rxb7 58. cxb7 Bc7 59. Bc4 Bd6 60. Bxe6 Bc7 61. Bd5 Bd6 62. Be4 Bc7 63. Kg4 Bd6 64. Kf5 Kf7 65. Bd5+ Ke7 66. Bg8 1-0

[Event "Buenos Aires"]
[Site "Buenos Aires"]
[Date "1980.??.??"]
[Round "?"]
[White "Olafsson, Fridrik"]
[Black "Larsen, Bent"]
[Result "0-1"]
[WhiteElo "2545"]
[BlackElo "2585"]
[PlyCount "112"]
[EventDate "1980.10.??"]
[Source "ChessBase"]

1. c4 g6 2. d4 Bg7 3. Nf3 c5 4. e4 Nc6 5. dxc5 Qa5+ 6. Nfd2 Qxc5 7. Nb3 Qb6 8. Be2 d6 9. O-O Be6 10. Be3 Qc7 11. Qd2 Nf6 12. f3 O-O 13. Nc3 Rfc8 14. Nd5 Qd8 15. Rac1 Nd7 16. f4 a5 17. Kh1 a4 18. Nd4 Nc5 19. Bf3 Bxd5 20. cxd5 Nxd4 21. Bxd4 Qa5 22. Qxa5 Rxa5 23. e5 b6 24. Be2 f5 25. Rfd1 Bh6 26. g3 Raa8 27. Bb5 dxe5 28. Bxe5 Bg7 29. d6 Bxe5 30. fxe5 Kf8 31. g4 exd6 32. exd6 Ra5 33. Be2 Ra7 34. gxf5 gxf5 35. Bb5 Rd8 36. Rd5 f4 37. Rf1 Rf7 38. Bc4 Rf6 39. Rg5 Rdxd6 40. Rg8+ Ke7 41. Rg7+ Kd8 42. Rxh7 Ne4 43. Bb5 Rd4 44. Rg1 Rf8 45. Ra7 f3 46. h3 f2 47. Rc1 Rf5 48. Bf1 Nd2 49. Kg2 Rg5+ 50. Kxf2 Rf4+ 51. Ke3 Rxf1 52. Rc3 Rd5 53. Rxa4 b5 54. Rg4 Nc4+ 55. Ke2 Rf7 56. Rg8+ Kd7 0-1

[Event "Oslo"]
[Site "?"]
[Date "1994.??.??"]
[Round "?"]
[White "Serper, G."]
[Black "Hodgson, Ju"]
[Result "1-0"]
[WhiteElo "2560"]
[BlackElo "2570"]
[PlyCount "101"]
[EventDate "1994.??.??"]
[Source "ChessBase"]
[SourceDate "1994.02.01"]

1. c4 b6 2. d4 e6 3. a3 f5 4. Nc3 Nf6 5. g3 Bb7 6. d5 a5 7. Bg2 Na6 8. Nf3 Nc5 9. O-O Bd6 10. Nb5 O-O 11. Nxd6 cxd6 12. Nd4 Nfe4 13. Nb5 Ba6 14. Be3 Bxb5 15. cxb5 e5 16. b4 Nc3 17. Qc2 N5a4 18. Rfe1 Qf6 19. Bd2 e4 20. Rac1 Rfc8 21. Qb3 Qd4 22. Rc2 axb4 23. axb4 Qxd5 24. Qxd5+ Nxd5 25. Rec1 Rxc2 26. Rxc2 Ra7 27. g4 Rc7 28. Rxc7 Nxc7 29. gxf5 d5 30. f3 Nxb5 31. fxe4 dxe4 32. Bxe4 Kf7 33. Bd3 Nac3 34. Be3 Kf6 35. Bxb6 Ke5 36. e3 d5 37. Kg2 d4 38. Kf3 dxe3 39. Bxe3 Nd4+ 40. Bxd4+ Kxd4 41. f6 gxf6 42. Bxh7 Ke5 43. Kg4 f5+ 44. Bxf5 Nd5 45. Kg5 Nxb4 46. h4 Kd6 47. h5 Ke7 48. h6 Kf8 49. Be6 Nc6 50. Kf6 Nd8 51. Kg6 1-0

[Event "Bank Pocztowy SA Open"]
[Site "?"]
[Date "1999.07.17"]
[Round "6"]
[White "Filippov Valerij"]
[Black "Sulskis Sarunas"]
[Result "1-0"]
[WhiteElo "2605"]
[BlackElo "2521"]
[PlyCount "73"]
[EventDate "1999.??.??"]
[Source "www.chesslib.no"]
[SourceDate "2004.05.04"]

1. Nf3 c5 2. c4 g6 3. d4 Bg7 4. e4 Qa5+ 5. Nc3 Nc6 6. d5 Nd4 7. Bd2 Nxf3+ 8. Qxf3 d6 9. Bd3 Qd8 10. O-O Nf6 11. Qe2 h5 12. e5 dxe5 13. Qxe5 Kf8 14. Rae1 h4 15. Bg5 Rh5 16. Qf4 h3 17. g3 b6 18. Re2 Qd7 19. f3 Bb7 20. Rfe1 Re8 21. Bc2 a6 22. d6 Rxg5 23. dxe7+ Kg8 24. Qxg5 Qd4+ 25. Qe3 Ng4 26. fxg4 Rxe7 27. Qf2 Rxe2 28. Rxe2 Qxg4 29. Re8+ Kh7 30. Qxf7 Qd4+ 31. Kf1 Bg2+ 32. Ke2 Qg4+ 33. Ke1 Qg5 34. Qf4 Qxf4 35. gxf4 Bd4 36. Ne2 Bxb2 37. Re6 1-0

[Event "Cairo 83/(49)"]
[Site "?"]
[Date "2001.??.??"]
[Round "?"]
[White "Marin, Mihail"]
[Black "Sermek, D."]
[Result "1/2-1/2"]
[WhiteElo "2601"]
[BlackElo "2525"]
[PlyCount "25"]
[EventDate "2001.??.??"]
[Source "Chess Informant"]
[SourceDate "2001.10.01"]

1. c4 c5 2. Nf3 g6 3. d4 Bg7 4. d5 b5 5. e4 bxc4 6. Bxc4 d6 7. O-O Nd7 8. Nc3 Ngf6 9. Re1 O-O 10. h3 Qb6 11. Rb1 Ba6 12. Bxa6 Qxa6 13. Bf4 1/2-1/2

[Event "Open"]
[Site "?"]
[Date "1999.04.23"]
[Round "7"]
[White "Agrest Evgenij"]
[Black "Eingorn Vereslav S"]
[Result "1-0"]
[WhiteElo "2533"]
[BlackElo "2592"]
[PlyCount "72"]
[EventDate "1999.??.??"]
[Source "www.chesslib.no"]
[SourceDate "2004.05.04"]

1. c4 c5 2. Nf3 g6 3. d4 Bg7 4. e4 Qa5+ 5. Nc3 Nf6 6. Bd3 Nh5 7. Bd2 cxd4 8. Nb5 Qd8 9. Nbxd4 Nc6 10. Be3 d6 11. O-O O-O 12. Qd2 Bd7 13. Rfd1 Rc8 14. Rac1 Bg4 15. h3 Bxf3 16. Nxf3 Nf6 17. b3 Nd7 18. Bb1 a5 19. Ne1 Nc5 20. f4 b6 21. Nf3 Qc7 22. Qe1 Rfe8 23. Ng5 e6 24. Nf3 f5 25. exf5 exf5 26. Qd2 Kh8 27. Re1 Nb4 28. Nd4 Qd7 29. Nb5 d5 30. Rcd1 Ne4 31. Qc1 Qe7 32. a3 dxc4 33. axb4 Qxb4 34. Bxe4 cxb3 35. Bc6 b2 36. Qc2 Re6 1-0

[Event "EuTCh, Leon ESP"]
[Site "?"]
[Date "2001.??.??"]
[Round "3"]
[White "Ftacnik, L."]
[Black "Kengis, E."]
[Result "1/2-1/2"]
[WhiteElo "2565"]
[BlackElo "2560"]
[PlyCount "80"]
[EventDate "2001.??.??"]
[Source "www.chesslib.no"]
[SourceDate "2004.05.04"]

1. c4 b6 2. d4 Bb7 3. Nc3 e6 4. a3 f5 5. d5 Nf6 6. g3 b5 7. Bg2 bxc4 8. Nh3 Na6 9. O-O Nc5 10. dxe6 Bxg2 11. exd7+ Qxd7 12. Qxd7+ Kxd7 13. Kxg2 Nb3 14. Rb1 Bd6 15. Ng5 Rhe8 16. Rd1 h6 17. Nf3 Ne4 18. Nxe4 Rxe4 19. e3 g5 20. Nd2 Nxd2 21. Bxd2 g4 22. h3 gxh3+ 23. Kxh3 Rg8 24. Bc3 Ke6 25. Rd4 Rxd4 26. Bxd4 c5 27. Bc3 Be5 28. Bxe5 Kxe5 29. Rc1 Kd5 30. Rc2 Rb8 31. g4 c3 32. bxc3 fxg4+ 33. Kxg4 Kc4 34. f4 Kd3 35. Rh2 Ke4 36. Rxh6 Rg8+ 37. Kh5 Kxe3 38. Rc6 Kxf4 39. Rxc5 Ke3 40. Rc7 Kd3 1/2-1/2

[Event "United Insurance 5th"]
[Site "Dhaka"]
[Date "2001.03.04"]
[Round "13"]
[White "Vakhidov, Tahir"]
[Black "Ehlvest, Jaan"]
[Result "0-1"]
[WhiteElo "2482"]
[BlackElo "2638"]
[PlyCount "54"]
[EventDate "2001.02.19"]
[Source "ChessBase"]
[SourceDate "2001.05.17"]

1. c4 e6 2. Nc3 b6 3. d4 Bb4 4. Qc2 Bb7 5. a3 Bxc3+ 6. Qxc3 Nf6 7. Bg5 h6 8. Bh4 g5 9. Bg3 Ne4 10. Qc2 c5 11. Be5 f6 12. Bxb8 Rxb8 13. e3 cxd4 14. exd4 Rc8 15. f3 Nd6 16. Bd3 f5 17. Ne2 g4 18. fxg4 Bxg2 19. Rg1 Qh4+ 20. Ng3 Be4 21. gxf5 Rxc4 22. Qe2 Bxd3 23. Qxd3 Rxd4 24. Qc3 Rf8 25. Rd1 Re4+ 26. Kf1 Rxf5+ 27. Nxf5 Qf4+ 0-1

[Event "Baden"]
[Site "Vienna"]
[Date "1980.??.??"]
[Round "8"]
[White "Stean, Michael"]
[Black "Vaganian, Rafael A"]
[Result "1/2-1/2"]
[WhiteElo "2530"]
[BlackElo "2590"]
[PlyCount "113"]
[EventDate "1980.??.??"]
[Source "ChessBase"]

1. c4 b6 2. d4 Bb7 3. Nc3 e6 4. a3 d5 5. cxd5 exd5 6. g3 Nf6 7. Bg2 Be7 8. Nh3 Nbd7 9. Nf4 c6 10. O-O O-O 11. b4 b5 12. Nd3 a5 13. Bb2 Nb6 14. Qb3 Nc4 15. Rad1 Bc8 16. Bc1 Bf5 17. Nc5 axb4 18. axb4 Bxc5 19. dxc5 Qe7 20. e3 Qa7 21. Bb2 Nxb2 22. Qxb2 Qa3 23. Rd2 Qxb2 24. Rxb2 Ra3 25. Rc1 Rfa8 26. Bf1 Ne4 27. Ne2 Ng5 28. Nd4 Be4 29. h4 Nf3+ 30. Nxf3 Bxf3 31. Bh3 Kf8 32. g4 Ra2 33. Rxa2 Rxa2 34. Kh2 Be4 35. Kg3 Bc2 36. g5 Ke7 37. f3 Rb2 38. Ra1 Ba4 39. Bf5 g6 40. Rb1 Re2 41. Bh3 Rxe3 42. Kf4 Re2 43. Bf1 Rh2 44. Re1+ Kf8 45. Ke5 Rh1 46. Kd6 d4 47. Rb1 Bc2 48. Ra1 d3 49. Bxd3 Rxa1 50. Bxc2 Rc1 51. Be4 Rc4 52. Bxc6 Rxb4 53. Bd5 Ke8 54. c6 Kd8 55. Bxf7 Rd4+ 56. Kc5 Rf4 57. Bg8 1/2-1/2

[Event "Wijk aan Zee (open)"]
[Site "?"]
[Date "1993.??.??"]
[Round "?"]
[White "Gurevich, M."]
[Black "Huzman, A."]
[Result "1-0"]
[WhiteElo "2610"]
[BlackElo "2510"]
[PlyCount "99"]
[EventDate "1993.??.??"]
[Source "ChessBase"]
[SourceDate "1992.10.01"]

1. c4 g6 2. Nc3 Bg7 3. d4 c5 4. d5 Bxc3+ 5. bxc3 f5 6. Nf3 d6 7. g3 Qa5 8. Qb3 Nf6 9. Bg2 Nbd7 10. O-O Nb6 11. Bh6 Ne4 12. Nd2 Nxd2 13. Bxd2 Qa4 14. Rfe1 Qxc4 15. e4 fxe4 16. Bxe4 Qxb3 17. axb3 Kf7 18. c4 Nd7 19. Re3 Nf6 20. Bg2 Bd7 21. h3 h5 22. Bc3 b6 23. Rae1 Rhe8 24. Rf3 Rf8 25. Bd2 Rae8 26. Bh6 Rh8 27. Bg5 Rhf8 28. Rfe3 e5 29. dxe6+ Rxe6 30. Rxe6 Bxe6 31. Re3 Bf5 32. Rf3 Kg7 33. Re3 Kf7 34. Rf3 Ne4 35. Bh6 Rh8 36. Bc1 Nf6 37. Bb2 Re8 38. Bxf6 Kxf6 39. g4 hxg4 40. hxg4 Re1+ 41. Kh2 Ke5 42. gxf5 gxf5 43. Rd3 Re2 44. Kg3 Rb2 45. f4+ Ke6 46. Bb7 a5 47. Bc8+ Ke7 48. Bxf5 a4 49. bxa4 Rb4 50. Re3+ 1-0

[Event "56th ch-RUS"]
[Site "Krasnoyarsk"]
[Date "2003.09.12"]
[Round "9"]
[White "Popov, Valerij"]
[Black "Bezgodov, Alexei"]
[Result "1/2-1/2"]
[WhiteElo "2573"]
[BlackElo "2542"]
[PlyCount "60"]
[EventDate "2003.09.03"]
[Source "Roberto Alvarez"]
[SourceDate "2003.09.15"]

1. c4 b6 2. d4 e6 3. e4 Bb7 4. Nc3 Bb4 5. f3 f5 6. exf5 Nh6 7. fxe6 O-O 8. a3 Qh4+ 9. g3 Bxc3+ 10. bxc3 Qf6 11. Bh3 Nf5 12. Ne2 Nh4 13. Kd2 Nxf3+ 14. Kc2 dxe6 15. Rf1 e5 16. dxe5 Qxe5 17. Nd4 Na6 18. Bg2 Be4+ 19. Kb2 Nxd4 20. cxd4 Qe6 21. Rxf8+ Rxf8 22. Qe2 Re8 23. Qxe4 Qxe4 24. Bxe4 Rxe4 25. Kc3 Re1 26. Bb2 Re2 27. Rh1 c5 28. Bc1 Nc7 29. Kd3 Ra2 30. Re1 Kf7 1/2-1/2

[Event "Berliner Sommer"]
[Site "Berlin GER"]
[Date "1990.??.??"]
[Round "?"]
[White "Eingorn, Vereslav S"]
[Black "Groszpeter, Attila"]
[Result "1-0"]
[WhiteElo "2570"]
[BlackElo "2545"]
[PlyCount "41"]
[EventDate "1990.08.??"]
[Source "www.chesslib.no"]
[SourceDate "2004.05.04"]

1. Nf3 c5 2. c4 g6 3. d4 Bg7 4. e4 Qa5+ 5. Bd2 Qb6 6. Bc3 cxd4 7. Bxd4 Bxd4 8. Qxd4 Qxd4 9. Nxd4 Nc6 10. Nb5 Rb8 11. N1c3 Nf6 12. Be2 O-O 13. O-O-O d6 14. b3 Be6 15. Kb2 Rfc8 16. f3 a6 17. Nd4 Nxd4 18. Rxd4 Kg7 19. f4 Rc5 20. Rhd1 Bg4 21. e5 1-0

[Event "Goodricke 10th op"]
[Site "Calcutta"]
[Date "1999.02.12"]
[Round "7"]
[White "Marin, Mihail"]
[Black "Ehlvest, Jaan"]
[Result "0-1"]
[WhiteElo "2525"]
[BlackElo "2590"]
[PlyCount "50"]
[EventDate "1999.02.06"]
[Source "ChessBase"]
[SourceDate "1999.05.10"]

1. Nf3 g6 2. c4 Bg7 3. d4 c5 4. e4 d6 5. d5 Nf6 6. Nc3 O-O 7. h3 Na6 8. Bd3 Nc7 9. Bg5 h6 10. Be3 a6 11. Qd2 Kh7 12. a4 Rb8 13. a5 b5 14. axb6 Rxb6 15. Ra2 e5 16. g4 Bd7 17. Ne2 Qb8 18. Ng3 a5 19. g5 hxg5 20. Nxg5+ Kg8 21. h4 Ng4 22. h5 Rb3 23. hxg6 fxg6 24. Nf1 Na6 25. Qe2 Nb4 0-1

[Event "LADAC/CAPA"]
[Site "?"]
[Date "1998.10.04"]
[Round "?"]
[White "Leotard Christophe (FRA)"]
[Black "Lopepe Pedro Antonio (ARG)"]
[Result "1/2-1/2"]
[WhiteElo "2590"]
[BlackElo "2521"]
[PlyCount "41"]
[EventDate "1998.??.??"]
[Source "www.chesslib.no"]
[SourceDate "2004.05.04"]

1. c4 b6 2. d4 e6 3. a3 d5 4. cxd5 exd5 5. Nc3 Bb7 6. Bf4 Bd6 7. Bxd6 Qxd6 8. g3 Nf6 9. Bg2 O-O 10. e3 c5 11. Nge2 Rd8 12. O-O Na6 13. Qa4 cxd4 14. exd4 Nc7 15. Nf4 a6 16. Rfe1 Re8 17. Qb3 Rad8 18. Rac1 h6 19. Bf3 Ne4 20. Rcd1 b5 21. Bg2 1/2-1/2

[Event "Baden"]
[Site "Vienna"]
[Date "1980.??.??"]
[Round "3"]
[White "Smejkal, Jan"]
[Black "Miles, Anthony J"]
[Result "1-0"]
[WhiteElo "2565"]
[BlackElo "2545"]
[PlyCount "101"]
[EventDate "1980.??.??"]
[Source "ChessBase"]

1. c4 b6 2. d4 Bb7 3. Bg5 f6 4. Bd2 e6 5. Nc3 f5 6. Nf3 Nf6 7. g3 Nc6 8. e3 Bb4 9. Bg2 Ne4 10. Rc1 Qe7 11. O-O Nxd2 12. Qxd2 O-O 13. a3 Bxc3 14. Qxc3 Nd8 15. Rfd1 Nf7 16. d5 d6 17. dxe6 Nd8 18. Nd4 Bxg2 19. Kxg2 Nxe6 20. Nxe6 Qxe6 21. Qd4 Kh8 22. Qd5 Qe7 23. Rd4 a5 24. b3 g6 25. Rc2 Qf6 26. Qc6 Qf7 27. h4 Ra7 28. b4 axb4 29. axb4 Qf6 30. c5 dxc5 31. Qxf6+ Rxf6 32. bxc5 bxc5 33. Rxc5 Kg7 34. Rdc4 Rf7 35. Kf3 Kf8 36. Kf4 Ke8 37. h5 Kd8 38. hxg6 hxg6 39. Rc6 Ra2 40. Kg5 Rg7 41. Rf4 Kd7 42. Rxg6 Rxg6+ 43. Kxg6 c5 44. Kxf5 Kc6 45. g4 Kb5 46. g5 c4 47. g6 c3 48. g7 Ra8 49. Rg4 c2 50. Rg1 Kc4 51. g8=Q+ 1-0